Die beliebtesten Getränke - Statistiken

Allgemein
  • Dieses Quiz wurde 1.905 mal gespielt
  • Das Durchschnittsergebnis liegt bei 9 aus 14
Antwortstatistiken
Getränke % Korrekt
Wasser
98%
Cola
96%
Bier
93%
Kaffee
85%
Tee
83%
Saft
76%
Limonade
62%
Eistee
51%
Sekt
51%
Kakao
48%
Rotwein
43%
Weißwein
43%
Radler
30%
Energy Drink
22%
Keine übereinstimmenden Quizze gefunden
Verteilung der Resultate
Anzahl Personen mit jedem Resultat
Perzentil nach korrekt beantworteten Fragen
Ihre Resultats-Entwicklung
Sie haben dieses Quiz noch nicht gespielt